000 00324nam a2200157Ia 4500
100 _aLavanya/R
650 _aHTML
942 _cBK
366 _f25
245 _aHTML 5:Magic word for web designing
260 _bAne Books
_c2011
082 _a4.65
_bLAV
300 _a211
546 _aENGLISH
_cComputers
999 _c20177
_d20177